[Event "I Cerrado Ciudad de Silla"]
[Site "Casal Jove de Silla"]
[Date "????.??.??"]
[Round "9"]
[White "Penadés Ordaz, Víctor"]
[Black "Garcia Domingo, Jose Antonio"]
[Result "1-0"]
[WhiteElo "2193"]
[BlackElo "1987"]
[PlyCount "49"]

1. e4 e5 2. Nf3 Nf6 3. Nxe5 d6 4. Nxf7 Kxf7 5. d4 Be7 6. Bc4+ d5 7. Bb3 Bg4 8.
Qd3 g6 9. Nc3 c6 10. Bh6 Be6 11. O-O Na6 12. Rae1 Nc7 13. f4 Re8 14. f5 gxf5
15. exd5 cxd5 16. Rxe6 Kxe6 17. Qxf5+ Kd6 18. Ba4 b5 19. Nxb5+ Nxb5 20. Bxb5
Kc7 21. Bf4+ Kb7 22. Bxe8 Nxe8 23. Rf3 Rc8 24. Rb3+ Ka8 25. Bd6 1-0

[Event "I Cerrado Ciudad de Silla"]
[Site "Casal Jove de Silla"]
[Date "????.??.??"]
[Round "1"]
[White "Folch Zaragozá, Jose"]
[Black "Rosello Huet, Miguel Angel"]
[Result "1-0"]
[WhiteElo "1968"]
[BlackElo "2011"]
[PlyCount "81"]

1. e4 e6 2. Nc3 d5 3. d4 Bb4 4. e5 c5 5. Bd2 Ne7 6. Nb5 Bxd2+ 7. Qxd2 O-O 8. f4
a6 9. Nc3 cxd4 10. Qxd4 Nbc6 11. Qd2 Bd7 12. Nf3 f6 13. exf6 Rxf6 14. Bd3 Nb4
15. Ne5 Nxd3+ 16. Nxd3 Qb6 17. Ne5 Be8 18. O-O-O Ng6 19. Nd3 Rc8 20. g4 Qd6 21.
Rhf1 Bd7 22. Qf2 Rc4 23. Qg3 Nxf4 24. Nxf4 Rcxf4 25. Ne2 e5 26. Nxf4 exf4 27.
Qb3 Bc6 28. h4 h6 29. g5 hxg5 30. hxg5 Rf5 31. Rd4 Qe5 32. Qb4 f3 33. Qd2 Rxg5
34. Rf4 Rg2 35. Re1 Qh5 36. Qe3 Qh2 37. Qe6+ Kh7 38. Qf5+ g6 39. Re7+ Kh6 40.
Qf8+ Kg5 41. Re5# 1-0

[Event "I Cerrado Ciudad de Silla"]
[Site "Casal Jove de Silla"]
[Date "????.??.??"]
[Round "1"]
[White "Garcia Domingo, Jose Antonio"]
[Black "Zaragozá Montesinos, Ignasi"]
[Result "1/2-1/2"]
[WhiteElo "1988"]
[BlackElo "2029"]
[PlyCount "86"]

1. e4 c6 2. d4 d5 3. Nc3 dxe4 4. Nxe4 Nd7 5. Bd3 Ngf6 6. Nxf6+ Nxf6 7. c3 Bg4
8. Ne2 e6 9. Qc2 Bxe2 10. Qxe2 Bd6 11. Bg5 h6 12. Bh4 Be7 13. O-O Nd5 14. Bg3
Bd6 15. f4 O-O 16. Qe4 Nf6 17. Qf3 Qa5 18. f5 Bxg3 19. Qxg3 Rae8 20. fxe6 Rxe6
21. Rf5 Qd8 22. Bc4 Rd6 23. Raf1 Nd5 24. Qf3 Qd7 25. Bxd5 Rxd5 26. Rxd5 Qxd5
27. Qxd5 cxd5 28. Re1 f6 29. Re6 b5 30. Rd6 b4 31. cxb4 Rc8 32. Rxd5 Rc1+ 33.
Kf2 Rc2+ 34. Kf3 Rxb2 35. Rd8+ Kh7 36. d5 Rxb4 37. d6 Rd4 38. Ke3 Rd1 39. a4
Kg6 40. Ke4 Rd2 41. Ra8 Rxd6 42. Rxa7 Rd2 43. Kf3 Ra2 1/2-1/2

[Event "I Cerrado Ciudad de Silla"]
[Site "Casal Jove de Silla"]
[Date "????.??.??"]
[Round "2"]
[White "Galvan Huaraca, Jesus"]
[Black "Garcia Domingo, Jose Antonio"]
[Result "1-0"]
[WhiteElo "2275"]
[BlackElo "1988"]
[PlyCount "64"]

1. e4 c5 2. Nf3 a6 3. b3 e6 4. Bb2 Nc6 5. g3 d6 6. Bg2 Nf6 7. Qe2 Be7 8. O-O
O-O 9. c3 d5 10. e5 Nd7 11. d4 cxd4 12. cxd4 b5 13. Nc3 Bb7 14. Rfc1 Qb6 15.
Nd1 Rac8 16. Ne3 a5 17. Bf1 b4 18. h4 Na7 19. h5 f6 20. h6 fxe5 21. hxg7 Kxg7
22. Nxe5 Nf6 23. N3g4 Bc6 24. Qe3 Nxg4 25. Nxg4 Bb5 26. Qh6+ Kh8 27. Rxc8 Nxc8
28. Bxb5 Qxb5 29. Qxe6 Bd6 30. Nf6 Qb7 31. Nd7 Rg8 32. Re1 Rg6 1-0

[Event "I Cerrado Ciudad de Silla"]
[Site "Casal Jove de Silla"]
[Date "????.??.??"]
[Round "2"]
[White "Martinez Tormo, Jorge"]
[Black "Rosello Huet, Miguel Angel"]
[Result "1-0"]
[WhiteElo "2195"]
[BlackElo "2011"]
[PlyCount "127"]

1. e4 e6 2. d4 d5 3. e5 c5 4. c3 Nc6 5. Nf3 Qb6 6. a3 Bd7 7. Be2 Nge7 8. b4
cxb4 9. cxb4 Rc8 10. O-O Nf5 11. Bb2 Na5 12. Nbd2 Be7 13. Qb1 Nc6 14. Nb3 O-O
15. Bd3 g6 16. g4 Nh6 17. Bc1 Kg7 18. Nc5 Bxc5 19. dxc5 Qc7 20. Bxh6+ Kxh6 21.
Qb2 Kg7 22. Rac1 Qd8 23. b5 Ne7 24. Qd4 Qa5 25. a4 Ng8 26. Rc2 a6 27. Rb1 axb5
28. axb5 Ra8 29. c6 bxc6 30. bxc6 Bc8 31. Kg2 Re8 32. Rcc1 Qa7 33. Ra1 Qxd4 34.
Nxd4 Rxa1 35. Rxa1 Ne7 36. g5 h6 37. h4 hxg5 38. hxg5 Rh8 39. Ra7 Kf8 40. Nb5
Nxc6 41. Rc7 Nxe5 42. Rxc8+ Kg7 43. Rxh8 Kxh8 44. Be2 Kg7 45. Nd6 Kf8 46. Bb5
Ke7 47. Ne8 Nd7 48. Bxd7 Kxd7 49. Nf6+ Kd6 50. Ng4 e5 51. Ne3 d4 52. Ng4 Ke6
53. Kf3 Kf5 54. Nh6+ Kxg5 55. Nxf7+ Kf5 56. Nd6+ Ke6 57. Ne4 Kd5 58. Ng5 Kc4
59. Ke4 d3 60. Nf3 Kc3 61. Ke3 e4 62. Nd2 g5 63. Nxe4+ Kc2 64. f3 1-0

[Event "I Cerrado Ciudad de Silla"]
[Site "Casal Jove de Silla"]
[Date "????.??.??"]
[Round "1"]
[White "Cucarella Montell, Angels"]
[Black "Penadés Ordaz, Víctor"]
[Result "0-1"]
[WhiteElo "1953"]
[BlackElo "2193"]
[PlyCount "94"]

1. e4 c5 2. Nf3 Nc6 3. Nc3 g6 4. d4 cxd4 5. Nxd4 Bg7 6. Nde2 d6 7. g3 Bg4 8.
Bg2 Bxc3+ 9. bxc3 Ne5 10. O-O Qc8 11. f3 Bh3 12. Qd4 Bxg2 13. Kxg2 Nf6 14. Bg5
Nc6 15. Qd2 Nd7 16. Bh6 Rg8 17. Rfd1 Nc5 18. Nf4 g5 19. Nd5 f6 20. Ne3 Rg6 21.
Nf5 Ne5 22. Qd5 Qc6 23. h4 Qxd5 24. exd5 gxh4 25. g4 Nf7 26. Be3 Na4 27. Bd4 h5
28. Nxh4 Rg8 29. Kg3 hxg4 30. fxg4 Nh6 31. Rg1 Rxg4+ 32. Kh3 Rxg1 33. Rxg1 Kf7
34. Be3 Rh8 35. Bxh6 Rxh6 36. Rg3 Rh5 37. c4 Nb6 38. Rc3 Rh8 39. Ra3 Ra8 40.
Rb3 Rc8 41. Ra3 Rxc4 42. Rxa7 Rxc2 43. Rxb7 Nxd5 44. Nf5 Rxa2 45. Nxd6+ Kg6 46.
Ne4 f5 47. Ng3 Nf4+ 0-1

[Event "I Cerrado Ciudad de Silla"]
[Site "Casal Jove de Silla"]
[Date "????.??.??"]
[Round "3"]
[White "Folch Zaragozá, Jose"]
[Black "Penadés Ordaz, Víctor"]
[Result "0-1"]
[WhiteElo "1968"]
[BlackElo "2193"]
[PlyCount "94"]

1. e4 c5 2. Nc3 Nc6 3. f4 g6 4. Nf3 Bg7 5. Bc4 d6 6. Ng5 e6 7. d3 h6 8. Nf3
Nge7 9. O-O a6 10. a3 O-O 11. Qe1 Nd4 12. Nxd4 cxd4 13. Ne2 d5 14. exd5 Nxd5
15. Ng3 b5 16. Bb3 a5 17. Ne4 a4 18. Bxd5 Qxd5 19. Qg3 Kh7 20. Qh4 f5 21. Ng5+
Kg8 22. Nf3 Bb7 23. Rf2 Rac8 24. Re2 Rc7 25. Qg3 Kh7 26. Ne5 Rf6 27. h4 Bf8 28.
Bd2 Rxc2 29. h5 gxh5 30. Qh4 Bg7 31. Qxh5 Qb3 32. Nf7 Kg8 33. Nd8 Bd5 34. Rae1
Qxd3 35. Bb4 Rxe2 36. Rxe2 Kh7 37. Rd2 Qg3 38. Nf7 Qxf4 39. Nd6 Rg6 40. Nf7 Qe4
41. Qh3 Rg4 42. Rf2 Qe3 43. Qxe3 dxe3 44. Re2 Bc4 45. Rc2 Bd4 46. Rxc4 bxc4 47.
Nd6 e2+ 0-1

[Event "I Cerrado Ciudad de Silla"]
[Site "Casal Jove de Silla"]
[Date "????.??.??"]
[Round "3"]
[White "Garcia Domingo, Jose Antonio"]
[Black "Martinez Tormo, Jorge"]
[Result "0-1"]
[WhiteElo "1988"]
[BlackElo "2195"]
[PlyCount "92"]

1. e4 d5 2. exd5 Qxd5 3. Nc3 Qa5 4. b4 Qxb4 5. Rb1 Qd6 6. d4 Nf6 7. Nf3 a6 8.
Bd3 g6 9. Ne4 Nxe4 10. Bxe4 c6 11. h4 h5 12. Ne5 Bg7 13. Bf4 Qf6 14. g3 O-O 15.
O-O Rd8 16. c3 Nd7 17. Qb3 Nxe5 18. dxe5 Qe6 19. Qxe6 Bxe6 20. Rxb7 Bxa2 21.
Rxe7 Bd5 22. Bc2 Re8 23. Rxe8+ Rxe8 24. Re1 Kh7 25. Bd3 f6 26. e6 a5 27. e7 f5
28. c4 Be4 29. Bf1 Bc3 30. Re3 Bd2 31. Re2 Bb4 32. Bg5 Kg7 33. Bg2 Bxg2 34.
Kxg2 Kf7 35. c5 Bxc5 36. Rc2 Bxe7 37. Rxc6 Bxg5 38. hxg5 Re6 39. Rc7+ Re7 40.
Rc4 Ra7 41. Ra4 Ke6 42. Kf3 Kd5 43. Kf4 Kc5 44. Ke5 Kb5 45. Ra1 a4 46. Kf6 Ra6+
0-1

[Event "I Cerrado Ciudad de Silla"]
[Site "Casal Jove de Silla"]
[Date "????.??.??"]
[Round "7"]
[White "Penadés Ordaz, Víctor"]
[Black "Zaragozá Montesinos, Ignasi"]
[Result "1-0"]
[WhiteElo "2193"]
[BlackElo "2029"]
[PlyCount "97"]

1. e4 e5 2. Nf3 Nc6 3. Bb5 a6 4. Bxc6 dxc6 5. O-O Bg4 6. h3 h5 7. d3 Qf6 8. Be3
Bxf3 9. Qxf3 Qxf3 10. gxf3 Bd6 11. Nc3 Ne7 12. Kg2 O-O-O 13. Rg1 Ng6 14. Kf1
Rh7 15. Ke2 Be7 16. Rg3 Bb4 17. Rag1 b5 18. Nd1 Ba5 19. Rg5 Bb6 20. Rf5 Rd7 21.
Rgg5 h4 22. Rh5 Rxh5 23. Rxh5 f6 24. Rf5 Ne7 25. Rh5 Ng6 26. Bc1 Bd4 27. Be3
Bb6 28. Kf1 Kd8 29. Bxb6 cxb6 30. Ne3 c5 31. b3 Kc7 32. Rh7 Kc6 33. Ke1 a5 34.
Kd2 a4 35. Kc1 axb3 36. axb3 Nf4 37. Rxh4 Ne2+ 38. Kb2 Nd4 39. f4 Rf7 40. f5
Nf3 41. Rh8 Rd7 42. h4 Ng1 43. h5 Nh3 44. Ng4 Rf7 45. h6 Ng5 46. h7 Kc7 47. Ne3
Kb7 48. Nd5 Rd7 49. Rb8+ 1-0

[Event "I Cerrado Ciudad de Silla"]
[Site "Casal Jove de Silla"]
[Date "????.??.??"]
[Round "4"]
[White "Penadés Ordaz, Víctor"]
[Black "Rosello Huet, Miguel Angel"]
[Result "0-1"]
[WhiteElo "2193"]
[BlackElo "2011"]
[PlyCount "136"]

1. e4 e6 2. d3 c5 3. Nf3 Nc6 4. g3 g6 5. Bg2 Bg7 6. O-O Nge7 7. c3 d5 8. Qc2 b6
9. Re1 Bb7 10. Bf4 e5 11. exd5 exf4 12. dxc6 Bxc6 13. g4 O-O 14. Na3 Qd7 15. h3
Rad8 16. Qe2 Rfe8 17. Ne5 Bxe5 18. Qxe5 Bxg2 19. Kxg2 Nd5 20. Qg5 Kg7 21. c4
Nb4 22. Rxe8 Qxe8 23. Qxf4 Nxd3 24. Qg3 Nxb2 25. Qc3+ Kg8 26. Qxb2 Qe4+ 27. Kg1
Rd3 28. Qb1 Qf3 29. Nc2 Rd2 30. Qe1 Rxc2 31. Rd1 Qe2 32. Qxe2 Rxe2 33. a3 Ra2
34. Rd3 Kf8 35. Kg2 Ke7 36. Rc3 g5 37. Kf3 h6 38. Ke3 Ke6 39. f4 f5 40. Kf3 Rh2
41. Kg3 Rd2 42. Re3+ Kf6 43. fxg5+ hxg5 44. gxf5 Rd4 45. Rc3 Kxf5 46. a4 Rf4
47. a5 Ke5 48. axb6 axb6 49. Rb3 Rxc4 50. Rxb6 Rd4 51. Rc6 Rd5 52. Kf3 Kd4 53.
Ke2 Kc3 54. Ra6 c4 55. Rc6 Kb3 56. Rb6+ Kc2 57. Rb4 c3 58. Rb8 Rd2+ 59. Ke1 Kc1
60. Rb5 Rb2 61. Rxg5 Kb1 62. Rc5 c2 63. Kf1 c1=Q+ 64. Rxc1+ Kxc1 65. Kg1 Kd1
66. Kh1 Ke1 67. Kg1 Rd2 68. h4 Rd4 0-1

[Event "I Cerrado Ciudad de Silla"]
[Site "Casal Jove de Silla"]
[Date "????.??.??"]
[Round "8"]
[White "Garcia Domingo, Jose Antonio"]
[Black "Calvo Alfonso, Vicente"]
[Result "0-1"]
[WhiteElo "1987"]
[BlackElo "2164"]
[PlyCount "42"]

1. d4 Nf6 2. c4 g6 3. Nc3 Bg7 4. e4 d6 5. f3 c6 6. Nge2 a6 7. g4 b5 8. Ng3 h5
9. e5 Ng8 10. gxh5 dxe5 11. hxg6 exd4 12. gxf7+ Kxf7 13. cxb5 Qa5 14. Bc4+ e6
15. Nf5 dxc3 16. Nxg7 cxb2+ 17. Bd2 bxa1=Q 18. Qxa1 Qc7 19. Nxe6 Bxe6 20. Bxe6+
Kxe6 21. Qxh8 Qe5+ 0-1

[Event "I Cerrado Ciudad de Silla"]
[Site "Casal Jove de Silla"]
[Date "????.??.??"]
[Round "3"]
[White "Rosello Huet, Miguel Angel"]
[Black "Calvo Alfonso, Vicente"]
[Result "0-1"]
[WhiteElo "2011"]
[BlackElo "2164"]
[PlyCount "76"]

1. f4 g6 2. Nf3 Bg7 3. g3 b6 4. e4 Bb7 5. d3 d6 6. Bg2 Nd7 7. O-O c5 8. c4 e6
9. Nc3 Ne7 10. Nb5 Qb8 11. a4 a6 12. Nc3 Qc7 13. Qe2 O-O 14. g4 Rae8 15. g5 d5
16. cxd5 exd5 17. e5 Nf5 18. Qf2 Rd8 19. Nh4 Ne7 20. Bd2 Rfe8 21. Rae1 Nf8 22.
Nf3 Ne6 23. h4 Nf5 24. Ne2 Bf8 25. Bh3 Neg7 26. Bxf5 Nxf5 27. Ng3 Bc8 28. Kg2
Qd7 29. Rh1 Qxa4 30. h5 Qb5 31. hxg6 fxg6 32. Rxh7 Kxh7 33. Nxf5 Bxf5 34. Qh4+
Kg8 35. Rh1 Bg7 36. e6 Rxe6 37. Ne5 Rxe5 38. fxe5 Qxd3 0-1

[Event "I Cerrado Ciudad de Silla"]
[Site "Casal Jove de Silla"]
[Date "????.??.??"]
[Round "8"]
[White "Cucarella Montell, Angels"]
[Black "Rosello Huet, Miguel Angel"]
[Result "0-1"]
[WhiteElo "1953"]
[BlackElo "2011"]
[PlyCount "46"]

1. e4 e6 2. d4 d5 3. Nc3 Bb4 4. e5 c5 5. a3 Bxc3+ 6. bxc3 Ne7 7. Qg4 O-O 8. Bd3
c4 9. Be2 Qa5 10. Bd2 Qa4 11. Kd1 f5 12. exf6 Rxf6 13. Bg5 e5 14. Qh4 Nf5 15.
Qh5 g6 16. Qh3 exd4 17. g4 d3 18. Bxd3 cxd3 19. Ra2 dxc2+ 20. Rxc2 Rf7 21. Qd3
Qxg4+ 22. Nf3 Ne3+ 23. Bxe3 Qxf3+ 0-1

[Event "I Cerrado Ciudad de Silla"]
[Site "Casal Jove de Silla"]
[Date "????.??.??"]
[Round "5"]
[White "Rosello Huet, Miguel Angel"]
[Black "Zaragozá Montesinos, Ignasi"]
[Result "0-1"]
[WhiteElo "2011"]
[BlackElo "2029"]
[PlyCount "46"]

1. d4 Nf6 2. Nf3 g6 3. b3 Bg7 4. Bb2 O-O 5. g3 d6 6. Bg2 Nbd7 7. O-O c5 8. e3
Qc7 9. c4 b6 10. Nc3 Bb7 11. d5 a6 12. Qc2 b5 13. cxb5 Nxd5 14. Nxd5 Bxd5 15.
Bxg7 Kxg7 16. Rfd1 Qb7 17. bxa6 Rxa6 18. Ne1 Bxg2 19. Nxg2 Rfa8 20. Nf4 Ne5 21.
h4 Qf3 22. Nd5 Rxa2 23. Rxa2 Rxa2 0-1

[Event "I Cerrado Ciudad de Silla"]
[Site "Casal Jove de Silla"]
[Date "????.??.??"]
[Round "6"]
[White "Zaragozá Montesinos, Ignasi"]
[Black "Calvo Alfonso, Vicente"]
[Result "0-1"]
[WhiteElo "2029"]
[BlackElo "2165"]
[PlyCount "49"]

1. e4 e6 2. d3 c5 3. Nc3 Nc6 4. g3 g6 5. Bg2 Bg7 6. Be3 d6 7. f4 Nge7 8. Nf3
O-O 9. O-O f5 10. e5 dxe5 11. fxe5 Qa5 12. Bf4 h6 13. h4 Rd8 14. Re1 Bd7 15.
Nd2 Nd4 16. Bxb7 Qb4 17. Bxa8 Rxa8 18. Nf3 Bc6 19. a3 Nxf3+ 20. Qxf3 Qxb2 21.
Ne4 fxe4 22. dxe4 Bxe5 23. Qg4 Bd4+ 24. Kh1 Bxe4+ 25. Rxe4 0-1

[Event "I Cerrado Ciudad de Silla"]
[Site "Casal Jove de Silla"]
[Date "????.??.??"]
[Round "4"]
[White "Garcia Domingo, Jose Antonio"]
[Black "Cucarella Montell, Angels"]
[Result "0-1"]
[WhiteElo "1988"]
[BlackElo "1953"]
[PlyCount "106"]

1. e4 c5 2. Nf3 e6 3. c4 Nc6 4. d4 cxd4 5. Nxd4 Nf6 6. Nc3 Bb4 7. f3 a6 8. Be3
O-O 9. Qd2 d5 10. Nxc6 bxc6 11. cxd5 cxd5 12. e5 Nd7 13. Bd4 f6 14. exf6 Nxf6
15. Bd3 Qd6 16. a3 Ba5 17. Qf2 Nd7 18. Qh4 g6 19. O-O e5 20. Bf2 Nc5 21. Be2
Bd8 22. Qb4 d4 23. Bc4+ Kg7 24. Na4 Be7 25. Nxc5 Qxc5 26. Qxc5 Bxc5 27. b4 Be7
28. Rfe1 Bf6 29. Bg3 Re8 30. Bd5 Ra7 31. f4 Rd8 32. fxe5 Rxd5 33. exf6+ Kxf6
34. Rac1 Bf5 35. Bf2 Rad7 36. Red1 d3 37. a4 d2 38. Rc6+ Kf7 39. Be3 Bg4 40.
Rf1+ Kg7 41. Bxd2 Rxd2 42. Rfc1 R2d6 43. b5 axb5 44. axb5 Rxc6 45. Rxc6 Rb7 46.
b6 Bd7 47. Rd6 Kf7 48. Kf2 Ke7 49. Rd4 Rxb6 50. g3 Rb2+ 51. Kg1 Bc6 52. Rh4 h5
53. g4 Rg2+ 0-1

[Event "I Cerrado Ciudad de Silla"]
[Site "Casal Jove de Silla"]
[Date "????.??.??"]
[Round "9"]
[White "Rosello Huet, Miguel Angel"]
[Black "Dolezal, Cristian"]
[Result "0-1"]
[WhiteElo "2011"]
[BlackElo "2424"]
[PlyCount "70"]

1. f4 g6 2. d4 Bg7 3. Nf3 d5 4. e3 Nh6 5. Be2 Nd7 6. O-O O-O 7. Nc3 Nf6 8. Ne5
Ne8 9. g4 f6 10. Nd3 c6 11. b3 Nd6 12. Ba3 Nhf7 13. Na4 e5 14. fxe5 fxe5 15.
dxe5 Nxe5 16. Rxf8+ Qxf8 17. Nxe5 Bxe5 18. Bb2 Qh6 19. Bxe5 Qxe3+ 20. Kg2 Qxe5
21. Nc5 Be6 22. Nxe6 Qxe6 23. Qd3 Re8 24. Bf3 Nf7 25. Qd4 Qe3 26. Qxe3 Rxe3 27.
Rf1 Rc3 28. Bd1 Ng5 29. h4 Ne4 30. Rf3 Kg7 31. a4 a5 32. Rxc3 Nxc3 33. Bf3 b5
34. axb5 cxb5 35. Kf2 a4 0-1

[Event "I Cerrado Ciudad de Silla"]
[Site "Casal Jove de Silla"]
[Date "????.??.??"]
[Round "9"]
[White "Dolezal, Cristian"]
[Black "Garcia Domingo, Jose Antonio"]
[Result "1-0"]
[WhiteElo "2424"]
[BlackElo "1988"]
[PlyCount "45"]

1. e4 e5 2. Nc3 Nf6 3. f4 d5 4. fxe5 Nxe4 5. Nf3 Be7 6. Qe2 Bh4+ 7. g3 Bxg3+ 8.
hxg3 Nxg3 9. Qh2 Nxh1 10. d4 Bf5 11. Bd3 Bxd3 12. cxd3 Nc6 13. Be3 Qd7 14.
O-O-O O-O-O 15. Qxh1 h6 16. Rf1 g5 17. Qh5 Qf5 18. Nh2 Qxd3 19. Qe2 Qg6 20. Rf6
Qg7 21. Na4 h5 22. Rxc6 bxc6 23. Nc5 1-0

[Event "I Cerrado Ciudad de Silla"]
[Site "Casal Jove de Silla"]
[Date "????.??.??"]
[Round "6"]
[White "Martinez Tormo, Jorge"]
[Black "Penadés Ordaz, Víctor"]
[Result "1-0"]
[WhiteElo "2195"]
[BlackElo "2193"]
[PlyCount "51"]

1. e4 c5 2. Nf3 Nc6 3. d4 cxd4 4. Nxd4 g6 5. Nc3 Bg7 6. Be3 Nf6 7. Bc4 O-O 8.
Bb3 b6 9. f3 Bb7 10. Qd2 d5 11. Nxc6 Bxc6 12. exd5 Bb7 13. O-O-O a5 14. a4 Nd7
15. Bd4 Nc5 16. Bxg7 Kxg7 17. Qd4+ Kg8 18. h4 Rc8 19. Kb1 Nxb3 20. cxb3 Rc5 21.
h5 Qd7 22. g4 Rd8 23. hxg6 f6 24. Rxh7 Bxd5 25. Qe3 Rxc3 26. Rh8+ 1-0

[Event "I Cerrado Ciudad de Silla"]
[Site "Casal Jove de Silla"]
[Date "????.??.??"]
[Round "2"]
[White "Calvo Alfonso, Vicente"]
[Black "Folch Zaragozá, Jose"]
[Result "1-0"]
[WhiteElo "2195"]
[BlackElo "2165"]
[PlyCount "83"]

1. d4 Nf6 2. c4 e5 3. dxe5 Ne4 4. a3 Bc5 5. e3 Qg5 6. Nf3 Qg6 7. Qc2 Nc6 8.
Nbd2 Nxd2 9. Qxd2 a5 10. Qd3 Qh5 11. Qd5 b6 12. e6 Qg6 13. Bd3 Qxe6 14. Qxe6+
fxe6 15. b3 Bb7 16. Bb2 O-O-O 17. Ng5 Rde8 18. Nxh7 e5 19. Ng5 Nd8 20. Ne4 d5
21. Nxc5 bxc5 22. cxd5 Bxd5 23. Rc1 Bxg2 24. Rg1 Bf3 25. Rxc5 Nb7 26. Rxe5 Rd8
27. Be2 Bd5 28. Re7 Rxh2 29. Rxc7+ Kxc7 30. Be5+ Kb6 31. Bxh2 Bxb3 32. Rxg7 Rf8
33. Bc7+ Kc6 34. f4 Bd5 35. a4 Be4 36. Bb5+ Kc5 37. Be5 Nd8 38. Rc7+ Kb6 39.
Rd7 Nc6 40. Bc7+ Kb7 41. Bd6+ Kc8 42. Rc7+ 1-0

[Event "I Cerrado Ciudad de Silla"]
[Site "Casal Jove de Silla"]
[Date "????.??.??"]
[Round "2"]
[White "Penadés Ordaz, Víctor"]
[Black "Dolezal, Cristian"]
[Result "0-1"]
[WhiteElo "2193"]
[BlackElo "2424"]
[PlyCount "36"]

1. e4 c5 2. Nf3 e6 3. c4 Nc6 4. Nc3 g5 5. h3 Bg7 6. Nb5 d6 7. d4 a6 8. d5 axb5
9. dxc6 h6 10. cxb7 Bxb7 11. Qc2 b4 12. Bd3 Ne7 13. O-O Ng6 14. g3 Qc7 15. Be3
Qc6 16. a3 bxa3 17. Rxa3 Rxa3 18. bxa3 f5 0-1

[Event "I Cerrado Ciudad de Silla"]
[Site "Casal Jove de Silla"]
[Date "????.??.??"]
[Round "5"]
[White "Cucarella Montell, Angels"]
[Black "Martinez Tormo, Jorge"]
[Result "1/2-1/2"]
[WhiteElo "1953"]
[BlackElo "2195"]
[PlyCount "203"]

1. e4 e5 2. Nf3 Nc6 3. Bb5 a6 4. Ba4 Nf6 5. d3 d6 6. c3 Be7 7. Nbd2 O-O 8. O-O
b5 9. Bb3 Na5 10. Bc2 c5 11. Re1 Re8 12. Nf1 Bf8 13. Bg5 h6 14. Bh4 Nc6 15. h3
Bb7 16. d4 g5 17. Bg3 Qc7 18. d5 Ne7 19. Nxe5 Nexd5 20. Ng4 Nxg4 21. Qxg4 Nf6
22. Qf5 Bg7 23. Rad1 Rad8 24. Nh2 Bc8 25. Qf3 Re6 26. Qd3 c4 27. Qd2 Qe7 28. e5
Re8 29. Bf5 Rxe5 30. Bxe5 dxe5 31. Bxc8 Rxc8 32. Qd6 Qxd6 33. Rxd6 a5 34. Rb6
Rc5 35. Nf3 Nd7 36. Rd6 Rc7 37. Rd5 b4 38. Red1 Nc5 39. Nxe5 Na4 40. Rxa5 Nxb2
41. Rc1 Bxe5 42. Rxe5 Nd3 43. Re8+ Kg7 44. Rc2 b3 45. axb3 cxb3 46. Rd2 Rxc3
47. Rb8 Rc1+ 48. Kh2 Nc5 49. Rd5 Rc2 50. Rxc5 Rxc5 51. Rxb3 Rc2 52. Kg3 Kg6 53.
f3 h5 54. Rb6+ f6 55. h4 gxh4+ 56. Kh3 Kg5 57. Rb4 Rc1 58. f4+ Kf5 59. Kxh4 Rg1
60. Kg3 h4+ 61. Kf2 Rc1 62. Ra4 Rc2+ 63. Kf3 Rc3+ 64. Kf2 Kg4 65. Rb4 f5 66.
Ra4 Rc2+ 67. Kg1 Kg3 68. Ra3+ Kxf4 69. Rf3+ Kg4 70. Ra3 Rc4 71. Rb3 Rd4 72. Ra3
Re4 73. Rb3 Kf4 74. Rf3+ Ke5 75. Kf2 Rf4 76. Ke3 Rb4 77. Ke2 Kf6 78. Ra3 Kg5
79. Kf2 Kg4 80. Rc3 Rb2+ 81. Kf1 Rd2 82. Ra3 Rd1+ 83. Kf2 Rh1 84. Ra4+ Kg5 85.
Ra3 Rc1 86. Rb3 Rc4 87. Rh3 Rf4+ 88. Kg1 Kg4 89. Rb3 Re4 90. Kf2 Rc4 91. Rh3 f4
92. Rb3 Rc2+ 93. Kf1 Rd2 94. Ra3 Rd5 95. Kf2 Re5 96. Ra8 Rc5 97. Ra3 Kf5 98.
Kf3 Re5 99. Kf2 Kg4 100. Ra8 Rb5 101. Rg8+ Rg5 102. Ra8 1/2-1/2

[Event "I Cerrado Ciudad de Silla"]
[Site "Casal Jove de Silla"]
[Date "????.??.??"]
[Round "6"]
[White "Cucarella Montell, Angels"]
[Black "Dolezal, Cristian"]
[Result "0-1"]
[WhiteElo "1953"]
[BlackElo "2424"]
[PlyCount "65"]

1. e4 Nc6 2. d4 d5 3. e5 f6 4. f4 Nh6 5. Nf3 Bg4 6. c3 Qd7 7. Na3 e6 8. Nc2 Nf5
9. Be3 h5 10. Be2 Nd8 11. Bf2 Nf7 12. Qd2 Be7 13. Ne3 Nxe3 14. Bxe3 Nh6 15. Nh4
Kf7 16. Qd3 Nf5 17. Bxg4 Nxh4 18. Bh3 g6 19. O-O a6 20. a4 Nf5 21. a5 Nxe3 22.
Qxe3 f5 23. Rae1 h4 24. Rf3 Qb5 25. b4 b6 26. axb6 cxb6 27. g4 hxg3 28. Rxg3
Bh4 29. Kh1 Bxg3 30. Qxg3 Qd7 31. Rg1 Rhg8 32. Qh4 Qd8 33. Bf1 0-1

[Event "I Cerrado Ciudad de Silla"]
[Site "Casal Jove de Silla"]
[Date "????.??.??"]
[Round "1"]
[White "Dolezal, Cristian"]
[Black "Calvo Alfonso, Vicente"]
[Result "1-0"]
[WhiteElo "2424"]
[BlackElo "2164"]
[PlyCount "45"]

1. e4 e6 2. d4 d5 3. Nc3 Bb4 4. e5 c5 5. a3 Bxc3+ 6. bxc3 Ne7 7. Nf3 Qa5 8. Bd2
c4 9. a4 Nd7 10. Qb1 Nc6 11. Be2 Nb6 12. Qa2 O-O 13. O-O Bd7 14. Rfb1 Nb8 15.
Qa3 Na6 16. Qc1 f6 17. exf6 gxf6 18. Bh6 Rf7 19. Qf4 Re8 20. Ne5 fxe5 21. Qg3+
Kh8 22. Qxe5+ Kg8 23. Bh5 1-0

[Event "I Cerrado Ciudad de Silla"]
[Site "Casal Jove de Silla"]
[Date "????.??.??"]
[Round "2"]
[White "Zaragozá Montesinos, Ignasi"]
[Black "Cucarella Montell, Angels"]
[Result "0-1"]
[WhiteElo "2029"]
[BlackElo "1953"]
[PlyCount "76"]

1. e4 c5 2. c3 d5 3. exd5 Qxd5 4. d4 e6 5. Nf3 Nf6 6. Be2 Be7 7. O-O Nc6 8. Be3
cxd4 9. cxd4 O-O 10. Nc3 Qd6 11. Qb3 b6 12. Rac1 Bb7 13. Rfd1 Qb4 14. Qc2 Rfd8
15. a3 Qd6 16. g3 Nd5 17. Ne4 Qd7 18. Bb5 Rac8 19. Qd3 Rc7 20. h4 Qc8 21. h5 h6
22. Ba4 Bf8 23. Bb3 Nce7 24. Rxc7 Qxc7 25. Rc1 Qb8 26. Bc2 f5 27. Ned2 Nf6 28.
Bb3 Ned5 29. Ne5 Rc8 30. Rxc8 Qxc8 31. Ndc4 Nxh5 32. Ng6 Ba6 33. Nxf8 Kxf8 34.
Qe2 Nxe3 35. fxe3 Nxg3 36. Qh2 Bxc4 37. Bxc4 Qxc4 38. Qxg3 Qc1+ 0-1

[Event "I Cerrado Ciudad de Silla"]
[Site "Casal Jove de Silla"]
[Date "????.??.??"]
[Round "6"]
[White "Galvan Huaraca, Jesus"]
[Black "Rosello Huet, Miguel Angel"]
[Result "1-0"]
[WhiteElo "2275"]
[BlackElo "2011"]
[PlyCount "47"]

1. d4 e6 2. c4 Bb4+ 3. Nc3 c5 4. a3 Bxc3+ 5. bxc3 Qa5 6. Bd2 Nf6 7. f3 d6 8. e4
Bd7 9. Bd3 Ba4 10. Qe2 e5 11. f4 Nbd7 12. Nf3 O-O 13. fxe5 dxe5 14. d5 Ne8 15.
O-O Nd6 16. Nh4 b5 17. Nf5 bxc4 18. Nxd6 cxd3 19. Qg4 g6 20. Rxf7 Nf6 21. Qe6
Rxf7 22. Qxf7+ Kh8 23. Qxf6+ Kg8 24. Qf7+ 1-0

[Event "I Cerrado Ciudad de Silla"]
[Site "Casal Jove de Silla"]
[Date "????.??.??"]
[Round "7"]
[White "Calvo Alfonso, Vicente"]
[Black "Galvan Huaraca, Jesus"]
[Result "0-1"]
[WhiteElo "2164"]
[BlackElo "2275"]
[PlyCount "148"]

1. Nf3 c5 2. e4 Nf6 3. d3 Nc6 4. Nbd2 d5 5. Be2 e5 6. O-O Be7 7. c3 O-O 8. Re1
Re8 9. Qc2 Rb8 10. exd5 Nxd5 11. Nc4 Bf8 12. a4 b6 13. Bf1 f6 14. g3 Be6 15. b3
a6 16. Bb2 b5 17. axb5 axb5 18. Ncd2 b4 19. c4 Nc7 20. Bg2 Qd7 21. Ne4 Red8 22.
Re3 Bh3 23. Bh1 Ra8 24. Rae1 Ne6 25. Ned2 Ra6 26. Nh4 Kh8 27. Bd5 Ned4 28. Qb1
Ne7 29. Be4 Ndf5 30. Nxf5 Bxf5 31. Nf1 Bg4 32. f3 Be6 33. g4 g6 34. g5 f5 35.
Bxe5+ Kg8 36. Ng3 fxe4 37. Nxe4 Bf5 38. Nf6+ Rxf6 39. Bxf6 Nc6 40. Bxd8 Qxd8
41. Qa1 Qxg5+ 42. Kf2 Qh4+ 43. Kg1 Bd6 44. Re8+ Kf7 45. R1e2 Qd4+ 46. Qxd4 Nxd4
47. R2e3 Nxf3+ 48. Kg2 Nd4 49. Rd8 Bf4 50. Ree8 Nxb3 51. Rf8+ Kg7 52. h4 Nd4
53. Rg8+ Kh6 54. Rh8 Bxd3 55. Rd7 Be4+ 56. Kf1 Kh5 57. Rhxh7+ Kg4 58. Rdf7 b3
59. h5 b2 60. Rb7 Bxb7 61. Rxb7 gxh5 62. Rxb2 h4 63. Kg2 h3+ 64. Kh1 Nf5 65.
Rb5 Bd6 66. Rb6 Be5 67. Rb5 Ng3+ 68. Kg1 Bd4+ 69. Kh2 Nf1+ 70. Kh1 Nd2 71. Rb8
Ne4 72. Rb6 Nf2+ 73. Kg1 Kf4 74. Ra6 Ke4 0-1